Desarrollo socioeconómico de las comunidades indígenas Páez del norte del Cauca República de Colombia. Plan de desarrollo comunitario
Gardado en:
| Formato: | Texto |
|---|---|
| Materias: | |
| Etiquetas: |
Engadir etiqueta
Sen Etiquetas, Sexa o primeiro en etiquetar este rexistro!
|
MARC
| LEADER | 00000 a a2200000 04500 | ||
|---|---|---|---|
| 001 | 8976 | ||
| 003 | |||
| 040 | |||
| 245 | |a Desarrollo socioeconómico de las comunidades indígenas Páez del norte del Cauca República de Colombia. Plan de desarrollo comunitario | ||
| 500 | |a Extractos de la introducción reflexiva del Plan de Desarrollo 1998-2000 del Municipio Indígenade Toribio | ||
| 650 | |a POBLACION INDIGENA | ||
| 650 | |a DESARROLLO ECONOMICO Y SOCIAL | ||
| 650 | |a DESARROLLO DE LA COMUNIDAD | ||
| 650 | |a COLOMBIA | ||
| 773 | |g número 187; páginas 83-86 | ||
| 999 | |c 26632 |d 26632 | ||
